000 00541nam a22001937a 4500
008 150421b xxu||||| |||| 00| 0 eng d
020 _a9780077132736
050 _aHB171.5.M136 2012
100 _aMcDowell, Moore
_917386
245 _aPrinciples of Economics
250 _a3rd European Edition
260 _aLondon
_bMcGraw-Hill
_c2012
300 _a758p.
_c27cm.
700 _aThom, Rodney
_917387
700 _aPatine, Ivan
_917388
700 _aFrank, Robert
_917389
700 _aBernanke, Ben
_917390
942 _2lcc
_cMONOGRAPH
_01
999 _c122724
_d122724